|
|
|
|
| LEADER |
02658nam a2200349 a 4500 |
| 001 |
0011016 |
| 003 |
BD-DhAAL |
| 008 |
091221s2001 bg ab b 001 0 eng d |
| 010 |
|
|
|a 2001413695
|
| 020 |
|
|
|a 9840515918
|
| 020 |
|
|
|a 9789840515912
|
| 040 |
|
|
|a DLC
|c DLC
|d DLC
|d BD-DhAAL
|
| 082 |
0 |
0 |
|a 307.140954923
|2 21
|
| 245 |
0 |
0 |
|a Counting the hills :
|b assessing development in Chittagong Hill Tracts /
|c edited by Mohammad Rafi, A. Mushtaque R. Chowdhury.
|
| 260 |
|
|
|a Dhaka :
|b University Press,
|c 2001.
|
| 300 |
|
|
|a xxvi, 261 pages :
|b illustrations, col. maps ;
|c 25 cm.
|
| 504 |
|
|
|a Includes bibliographical references (p. [251]-256) and index.
|
| 520 |
|
|
|a Research report on the social, economic, demographic and environmental aspects of Chittagong Hill Tracts region; contributed articles.
|
| 526 |
|
|
|a BIED
|
| 541 |
1 |
|
|a Complimentary copy from BIED
|e 00011016, 35828
|
| 650 |
|
0 |
|a Community development
|z Bangladesh
|z Chittagong Hill Tracts (Region)
|9 35662
|
| 650 |
|
0 |
|a Rural development
|z Bangladesh
|z Chittagong Hill Tracts (Region)
|9 35663
|
| 650 |
|
0 |
|a Sustainable development
|z Bangladesh
|z Chittagong Hill Tracts (Region)
|9 35664
|
| 700 |
1 |
|
|a Rafi, Mohammad.
|9 35665
|
| 700 |
1 |
|
|a Chowdhury, A. M. Raza.
|9 35666
|
| 852 |
4 |
|
|a Ayesha Abed Library
|
| 942 |
|
|
|2 ddc
|c BK
|
| 999 |
|
|
|c 6316
|d 6316
|
| 952 |
|
|
|0 0
|1 0
|2 ddc
|4 0
|6 307_140954923000000_COU_2001
|7 1
|9 6365
|a BRACUL
|b BRACUL
|c AMRC
|d 2009-12-23
|g 0.00
|l 2
|m 1
|o 307.140954923 COU
|p 3010011016
|r 2023-05-02
|s 2023-04-06
|t 1
|w 2009-12-23
|y BK
|x No price found in the accession register ; Owing to the high demand for the book, the University Librarian instructed that it be transferred from the General Stacks to the Ahmad Mushtaque Raza Chowdhury Collection.
|
| 952 |
|
|
|0 0
|1 0
|2 ddc
|4 0
|6 307_140954923000000_COU_2001
|7 1
|9 6366
|a BRACUL
|b BRACUL
|c AMRC
|d 2009-12-23
|g 0.00
|l 0
|o 307.140954923 COU
|p 3010010854
|r 2009-12-23
|t 2
|w 2009-12-23
|y BK
|x No price found in the accession register ; Owing to the high demand for the book, the University Librarian instructed that it be transferred from the General Stacks to the Ahmad Mushtaque Raza Chowdhury Collection.
|
| 952 |
|
|
|0 0
|1 0
|2 ddc
|4 0
|6 307_140954923000000_COU
|7 0
|9 20498
|a JPGSPH
|b JPGSPH
|c GEN
|d 2012-06-14
|l 0
|o 307.140954923 COU
|p 3060025384
|r 2012-06-14
|t 3
|w 2012-06-14
|y BK
|
| 952 |
|
|
|0 0
|1 0
|2 ddc
|4 0
|6 307_140954923000000_COU
|7 1
|9 66598
|a BRACUL
|b BRACUL
|c AMRC
|d 2019-09-30
|e Complimentary copy from BIED
|l 0
|o 307.140954923 COU
|p 3010035828
|r 2019-09-30
|t 4
|w 2009-12-23
|y BK
|x Transferred from BIED to General Stacks ; Owing to the high demand for the book, the University Librarian instructed that it be transferred from the General Stacks to the Ahmad Mushtaque Raza Chowdhury Collection.
|